| 000 | 02956nam a22003731 4500 | ||
|---|---|---|---|
| 005 | 20050808122104.0 | ||
| 008 | 721219s1962 nyu 000 0 eng | ||
| 010 | _aB-347239-250 | ||
| 020 |
_a9780007190263 _c295.00 |
||
| 020 |
_a9780007190263 _c295.00 |
||
| 035 | _aB-347239-250 | ||
| 037 | _bAakar Books | ||
| 040 |
_adpl _bEnglish |
||
| 082 | _aN | ||
| 100 | _aFletcher, Susan | ||
| 245 |
_aOystercatchers / _cby Susan Fletcher |
||
| 260 |
_aLondon _bHarper Perennial _c2008 |
||
| 270 |
_a77-85, Fulham Palace Road,Hammersmith _b London _eW6 8JB |
||
| 300 |
_a371p _c18 cm (pbk) |
||
| 942 |
_2ddc _cEN _hN _mFLE |
||
| 999 |
_c23808 _d23808 |
||